Μουσικό εργαστήρι : επίπεδο πρώτο

Αποθηκεύτηκε σε:
Λεπτομέρειες βιβλιογραφικής εγγραφής
Κύριος συγγραφέας: Σταυρίδης, Μιχάλης Γ.
Μορφή: Βιβλίο
Γλώσσα:Greek
Δημοσίευση: Αθήνα : Gutenberg, 1994.
Σειρά:Μουσική παιδεία (Gutenberg)
Θέματα:
Ετικέτες: Προσθήκη ετικέτας
Δεν υπάρχουν, Καταχωρήστε ετικέτα πρώτοι!

MARC

LEADER 00000cam a2200000 i 4500
001 1/15409
008 010118s1994 gr | ||| |||| ||gre||
035 |l 10065396 
040 |a GR-MY-UA  |b gre  |e aacr 
041 0 |a gre 
082 7 |a 372.87044   |2 (22) 
100 1 |a Σταυρίδης, Μιχάλης Γ. 
245 1 0 |a Μουσικό εργαστήρι :   |b επίπεδο πρώτο /   |c Μιχάλη Γ. Σταυρίδη μ. α. 
260 |a Αθήνα :   |b Gutenberg,   |c 1994. 
300 |a 93 σ. :   |b εικ. ;   |c 20 εκ. 
490 1 |a (Μουσική παιδεία / Gutenberg) 
500 |a Το δεύτερο επίπεδο εκδόθηκε το 1996 
505 0 |a Επίπεδο πρώτο. - Επίπεδο δεύτερο.- Επίπεδο τέταρτο.- Επίπεδο πέμπτο 
650 0 0 |a Music  |x Instruction and study  |x Juvenile. 
830 0 |a Μουσική παιδεία (Gutenberg) 
852 |a INST  |b SYROS  |e 20010118  |h 372.87044 ΣΤΑ  |p 005500001791  |q 005500001791  |t BK  |y 0 
901 |a BIBL5-2001-1 
909 |a Ε  |b 084151 
970 |a ΚΟΝΤΟΥ  |b ΠΑΡΑΣΚΕΥΗ  |z 2001/01/18